Normal view
MARC view
- Hernández Chambers, Daniel,
Entry Nombre Personal
001 - NUMERO DE CONTROL
- campo de control: 34437
003 - IDENTIFICADOR DE NUMERO DE CONTROL
- campo de control: UPN
005 - FECHA Y HORA DE LA ÜLTIMA TRANSACCIÓN
- campo de control: 20210219194453.0
008 - DATOS DE LONGITUD FIJA
- campo de control de longitud fija: nabaccnnaabn|||||||||| b |nc|||||d
035 ## - NUMERO DE CONTROL
- Número de control: UPN11000006544
040 ## - FUENTE DE CATALOGACIÓN
- Lenguaje de catalogación: SPA
- Agencia de transcripción: UPN
053 #4 - NÚMERO DE CLASIFICACIÓN LC
- Número de clasificación elemento-número único o número inicial de tramo: PQ6658 E7.6
100 1# - ENCABEZAMIENTO - NOMBRE PERSONAL
- Nombre personal: Hernández Chambers, Daniel,
- Fechas asociadas con el nombre: 1972-
670 ## - FUENTE EN LA QUE SE LOCALIZARON DATOS
- Cita de la fuente: T
- Uniform Resource Identifier: http://www.lecturalia.com/autor/9921/daniel-hernandez-chambers
680 ## - NOTA PUBLICA DE ACCESO PÚBLICO
- Frase explicativa de la referencia: Escritor español, es conocido por sus novelas dedicadas al público infantil y juvenil.
902 ## - CATALOGADOR
- Catalogador: MITM/231113
